000 00683nam a2200277Ia 4500
005 20260324130530.0
008 008 260324s9999 xx 000 0 eng d
020 _a9780429187865
037 _aEBOOK
040 _aCRL
040 _beng
040 _cCRL
041 _2eng
041 _aeng
084 _qCRL
100 _aJan de Graaff
_91084091
245 0 _aMonitoring and Evaluation of Soil Conservation and Watershed Development Projects
260 _bTaylor and Francis
260 _c2007
365 _a
365 _b400
856 _uhttp://www.taylorfrancis.com/books/9780429187865
942 _cEBOOK
999 _c1778375
_d1778375